Niñez y adolescencia: primeros pasos hacia la construcción de políticas municipales /

Uloženo v:
Podrobná bibliografie
Hlavní autor: Wiebusch de Faria, Angela María
Korporativní autor: FUNDE
Další autoři: Villacorta Enríquez, Alberto
Médium: Text
Vydáno: San Salvador: Artes Gráficas Publicitarias
Tagy: Přidat tag
Žádné tagy, Buďte první, kdo vytvoří štítek k tomuto záznamu!

MARC

LEADER 00000 a a2200000 04500
001 30633
003
040
090 |a 195600  |b   
100 |a Wiebusch de Faria, Angela María  
110 |a FUNDE  
245 |a Niñez y adolescencia: primeros pasos hacia la construcción de políticas municipales /  |c Angela María Wiebusch de Faria 
260 |a San Salvador:   |b Artes Gráficas Publicitarias  
300 |a 91 p.   |b il.  
700 |a Villacorta Enríquez, Alberto  
999 |c 16924  |d 16924